logo

Bir Sreshtho Munshi Abdur Rouf Library
Jhenaidah Cadet College

Operations research : (Record no. 5613)

MARC details
000 -LEADER
fixed length control field 00895cam a2200313 a 4500
001 - CONTROL NUMBER
JCCL Control Number 5613
003 - CONTROL NUMBER IDENTIFIER
JCCL marc code BD-JhCC
005 - DATE AND TIME OF LATEST TRANSACTION
control field 20171219093353.0
008 - FIXED-LENGTH DATA ELEMENTS--GENERAL INFORMATION
fixed length control field 900629s1987 nyua 001 0 eng d
020 ## - INTERNATIONAL STANDARD BOOK NUMBER
International Standard Book Number 0024189405 (hbk)
020 ## - INTERNATIONAL STANDARD BOOK NUMBER
International Standard Book Number 0029467500 (pbk)
035 ## - SYSTEM CONTROL NUMBER
system control number (BD-JhCC)5613
040 ## - CATALOGING SOURCE
Original cataloging agency BD-JhCC
Modifying agency BD-JhCC
041 ## - LANGUAGE CODE
Language code of Book eng
050 #0 - LIBRARY OF CONGRESS CALL NUMBER
Classification number T57.6
082 ## - DEWEY DECIMAL CLASSIFICATION NUMBER
Classification number 658.4032
Author mark and Year TAH 1987
DDC Edition number 22
100 1# - MAIN ENTRY--PERSONAL NAME
Personal name Taha, Hamdy A.
Fuller form of name (Hamdy Abdelaziz),
Dates associated with a name 1937-
245 10 - TITLE STATEMENT
Title Operations research :
Remainder of title an introduction /
Statement of responsibility, etc Hamdy A. Taha.
250 ## - EDITION STATEMENT
Edition statement 4th ed.
260 ## - PUBLICATION, DISTRIBUTION, ETC. (IMPRINT)
Place of publication, distribution, etc New York :
Name of publisher, distributor, etc Macmillan ;
Place of publication, distribution, etc London :
Name of publisher, distributor, etc Collier Macmillan,
Date of publication, distribution, etc c1987.
300 ## - PHYSICAL DESCRIPTION
Pagination xv, 876 p. :
Other physical details ill., tables ;
Dimensions 26 cm.
500 ## - GENERAL NOTE
General note Previous ed: 1982.
504 ## - BIBLIOGRAPHY, ETC. NOTE
Bibliography, etc Includes index.
650 #0 - SUBJECT ADDED ENTRY--TOPICAL TERM
Topical term or geographic name as entry element Operations research.
650 #0 - SUBJECT ADDED ENTRY--TOPICAL TERM
Topical term or geographic name as entry element Programming (Mathematics)
650 #0 - SUBJECT ADDED ENTRY--TOPICAL TERM
Topical term or geographic name as entry element Operation Research
942 ## - ADDED ENTRY ELEMENTS (KOHA)
Source of classification or shelving scheme Dewey Decimal Classification
Koha item type Books
Holdings
Source of classification or shelving scheme Damaged status Not for loan Home library Current library Shelving location Date of accession Total Checkouts Full call number Barcode Date last seen Copy number Koha item type
Dewey Decimal Classification     JCC Rouf Library JCC Rouf Library General Stacks 12/18/2017   658.4032 TAH 1987 7364 12/18/2017 C-1 Books

JCC Library | Contacts | JCC Home

Last Update on 23 September 2017
Copyright @ 2017-2020 JCC Rouf Library
Rouf Library, Jhenidah Cadet College (JCC), Bangladesh